Statistics for M*A*S*H Character Hometowns

Click here to take the quiz!

General Stats

  • This quiz has been taken 60 times
  • The average score is 5 of 11

Answer Stats

HintAnswer% Correct
Captain Benjamin Franklin "Hawkeye" PierceCrabapple Cove, Maine
82%
Major Charles Emerson Winchester IIIBoston, Massachusetts
77%
Corporal Maxwell Q. KlingerToledo, Ohio
74%
Corporal Walter Eugene "Radar" O’ReillyOttumwa, Iowa
42%
Captain BJ HoneycuttMill Valley, California
39%
Colonel Sherman Tecumseh PotterHannibal, Missouri
30%
Captain "Trapper" John Francis Xavier McIntyreBoston, Massachusetts
28%
Major Franklin Delano Marion "Frank" BurnsFort Wayne, Indiana
28%
Lieutenant Colonel Henry Braymore BlakeBloomington, Illinois
25%
1st Lieutenant Francis John Patrick MulcahyPhiladelphia, Pennsylvania
25%
Major Margaret J "Hot Lips" HoulihanFort Ord, California
7%

Score Distribution

Percentile by Number Answered

Percent of People with Each Score

Your Score History

You have not taken this quiz